| 000 | 01396nam0a2200373 i 4500 | ||
|---|---|---|---|
| 001 | RU\NLR\bibl\2079119 | ||
| 005 | 20260406063442.0 | ||
| 010 |
_a9785222217016 _93000 |
||
| 021 |
_aRU _b2013-69272 _94742 |
||
| 035 | _a(nilc)RuMoRGB-006639505 | ||
| 035 | _a(NLR Aleph) 002064371 | ||
| 090 |
_a4694571 _c4694571 |
||
| 100 | _a20130902d20142013u y0rusy50 ca | ||
| 101 | 0 | _arus | |
| 102 | _aRU | ||
| 105 | _aa z ||||| | ||
| 200 | 1 |
_aГеомантия для начинающих _eпростые методы получения предсказаний по земле _fРичард Вебстер |
|
| 210 |
_aРостов-на-Дону _cФеникс _d2014 [т.е. 2013] |
||
| 215 |
_a238 с. _cил. _d20 |
||
| 300 | _aКн. фактически издана в 2013 г. | ||
| 320 | _aБиблиогр. в примеч.: с. 236-238 | ||
| 333 | _aДля детей старше 12 лет | ||
| 606 |
_aГадания _92088375 _3RU\NLR\AUTH\661264266 |
||
| 686 | 2 | _aЭ391.2 | |
| 700 | 1 |
_4070 _8rus _7ca _aВебстер _bР. _cэзотерик _f1946 - _gРичард _3RU\NLR\auth\7722769 _95824 |
|
| 801 | 0 |
_aRU _bRuMoRKP _c20130902 _gRCR |
|
| 801 | 2 |
_aRU _bРГБ _c20130913 _grcr |
|
| 801 | 1 |
_aRU _bRuMoRKP _c20130902 _2rusmarc |
|
| 801 | 2 |
_aRU _bNLR _c20131004 _grcr |
|
| 942 | _cBOOK | ||
| 980 | _aNBR | ||